00761nam a2200181 a 450000100100000000500170001000800410002704000250006808200160009310000390010924501030014826000590025130000210031050000420033159000750037395201140044899900170056200003081720200930062528.0110530s1991 dr 000 0 spa d aDO-SdBNPbspacBNPHU axxxxbR788q1 aRosa y Carpio, Ramón de la9217310a¿Quién liberará este pueblo? :bpoemas, meditaciones y salmos /cRamón de la Rosa y Carpio. aSanto Domingo :bSusaeta Ediciones Dominicanas,c1991. a131 p. ;c21 cm. aIncluye datos biográficos del autor aPerteneció a la biblioteca personal de Juan Isidro Jimenes Grullón 0010718PDaPDbPDcCTd2011-05-30iLF1l0oxxxx R788qp30817-10r2020-06-25w2020-06-25yLFPDZNo se presta c30309d30309